| 000 | 01428cam a2200349 a 4500 | ||
|---|---|---|---|
| 001 | 16339513 | ||
| 005 | 20110106072553.0 | ||
| 008 | 100719s2010 enka b 001 0 eng | ||
| 010 | _a 2010293366 | ||
| 015 |
_aGBA9B6120 _2bnb |
||
| 016 | 7 |
_a015433352 _2Uk |
|
| 020 | _a1403918759 (pbk.) | ||
| 020 | _a9781403918758 (pbk.) | ||
| 035 | _a(OCoLC)ocn464586306 | ||
| 040 |
_aUKM _cUKM _dBTCTA _dYDXCP _dBWKUK _dBWK _dBWX _dNDD _dEUM _dGEBAY _dDLC |
||
| 042 |
_aukblcatcopy _alccopycat |
||
| 050 | 0 | 0 |
_aJN30 _b.L335 2010 |
| 082 | 0 | 4 |
_a320.94 _222 _bLAD |
| 100 | 1 |
_aLadrech, Robert. _922923 |
|
| 245 | 1 | 0 |
_aEuropeanization and National Politics / _cRobert Ladrech. |
| 260 |
_aBasingstoke, Hampshire : _bPalgrave Macmillan, 2010 _cc2010. |
||
| 300 |
_ax, 238 p. : _bill. ; _c23 cm. |
||
| 490 | 1 |
_aThe European Union series _922924 |
|
| 504 | _aIncludes bibliographical references (p. 216-232) and index. | ||
| 610 | 2 | 0 |
_aEuropean Union. _922925 |
| 651 | 0 |
_aEuropean Union countries _xPolitics and government. _922926 |
|
| 653 |
_bPol _cApril2011 |
||
| 830 | 0 |
_aEuropean Union series (Palgrave Macmillan (Firm)) _922927 |
|
| 942 |
_2ddc _cBB |
||
| 999 |
_c15078 _d15078 |
||